Englisch Tag und Monat lernen - Statistiken

Allgemein
  • Dieses Quiz wurde 130 mal gespielt
  • Das Durchschnittsergebnis liegt bei 18 aus 19
Antwortstatistiken
Deutsch Englisch % Korrekt
Montag Monday
100%
Sonntag Sunday
97%
Freitag Friday
96%
Samstag Saturday
95%
Mittwoch Wednesday
95%
April April
94%
Juni June
94%
Mai May
94%
Dienstag Tuesday
94%
August August
93%
Januar January
93%
Juli July
93%
März Marsch
93%
Donnerstag Thursday
93%
Dezember December
92%
November November
92%
September September
92%
Oktober October
91%
Februar February
90%
Keine übereinstimmenden Quizze gefunden
Verteilung der Resultate
Anzahl Personen mit jedem Resultat
Perzentil nach korrekt beantworteten Fragen
Ihre Resultats-Entwicklung
Sie haben dieses Quiz noch nicht gespielt